000 01865nam a2200529 i 4500
001 52189
003 KOSZ 005
005 20220524124031.0
008 030725s2003 pl a f |001 0 pol
015 _aPB 2003/12223
020 _a8320428432
035 _a(PL-WaBN)b15730335-48omnis_nlop
035 _ab15730335
035 _a(OCoLC)749385398
035 _a(PL)b0000001573033
040 _aWA N
_cWA N
_dKOSZ 005/HR
041 1 _apol
_heng
046 _k1989
080 _a004.4:510.5
080 _a(075.8)
100 1 _aGoldberg, David E.
_d(1953- ).
_eAutor
245 1 0 _aAlgorytmy genetyczne i ich zastosowania /
_cDavid E. Goldberg ; z ang. przeł. Kazimierz Grygiel.
246 1 _iTyt. oryg.:
_aGenetic algorithms in search, optimization, and machine learning,
_f1989
250 _aWyd. 3.
260 _aWarszawa :
_bWydawnictwa Naukowo-Techniczne,
_c2003.
300 _a408 s. :
_bil. ;
_c25 cm.
336 _2rdacontent
_aTekst
_btxt
337 _2rdamedia
_aBez urządzenia pośredniczącego
_bn
338 _2rdacarrier
_aWolumin
_bnc
380 _aKsiążki
380 _aPublikacje dydaktyczne
385 _mPoziom nauczania
_aSzkoły wyższe
388 _a1901-2000
490 1 _aKlasyka Informatyki
500 _aPoprz. wyd. ogł. pod hasłem: Goldberg David Edward.
504 _aBibliogr. Indeksy.
658 _aInformatyka i technologie informacyjne
655 7 _aPodręczniki akademickie
_2DBN
650 7 _aAlgorytmy genetyczne
_2DBN
650 7 _aUczenie maszynowe
700 1 _aGrygiel, Kazimierz.
_eTłumaczenie
710 2 _aWydawnictwa Naukowo-Techniczne
_4pbl
856 _uhttp://koha.tu.koszalin.pl/cgi-bin/koha/opac-detail.pl?biblionumber=52189
_yKatalog online BPK
830 0 _aKlasyka Informatyki
942 _2UKD
_cKS
999 _c52189
_d52189